| 000 | 01677nam0a22003131 4500 | ||
|---|---|---|---|
| 001 | v19\rc\1894250 | ||
| 005 | 20250619173324.0 | ||
| 035 | _a(NLR Aleph) 004981076 | ||
| 090 |
_a6185732 _c6185732 |
||
| 100 | _a20080221e19111911|||y0rusy50 ca | ||
| 101 | 0 | _arus | |
| 102 | _aRU | ||
| 105 | _ay z ||||| | ||
| 200 | 1 |
_a"Христианская юность" _e(Слово на день св. апостола и евангелиста Иоанна Богослова) _eПроизнесено в Иоанно-Богосл. церкви Казан. духов. семинарии 26 сент. 1911 г. на литургии, при служении высокопреосвящ. Иакова, архиеп. Казан. и Свияж. _f[Учитель пения Казан. духов. семинарии, настоятель Груз. церкви г. Казани, свящ. Александр Воронцов] |
|
| 210 |
_aКазань _cЦентр. тип. _d1911 |
||
| 215 |
_a8 с. _d24 |
||
| 300 | _aАвт. указан в конце текста | ||
| 309 | _aБез тит. л. и обл. | ||
| 311 | _aОтт. из "Изв. по Казан. епархии" | ||
| 488 | 0 |
_12001#$aИзвестия по Казанской епархии _tИзвестия по Казанской епархии |
|
| 532 | 1 | 3 | _aХристианская юность |
| 700 | 1 |
_aВоронцов _bА.А. _gАлександр Александрович |
|
| 702 | 0 |
_aИоанн Богослов _cсв., апостол _4570 |
|
| 801 | 0 |
_aRU _bNLR _gpsbo |
|
| 801 | 0 |
_aRU _bRuMoRGB _2psbo |
|
| 801 | 1 |
_aRU _bProSoft-M _2rusmarc |
|
| 852 |
_aNLR _j20.91.8.118 |
||
| 942 | _cBOOK | ||
| 980 | _aNB | ||